[Event "Titled Tuesday intern op 25th Mar Early"]
[Site "Chess.com INT"]
[Date "2025.03.25"]
[Round "10"]
[White "King, Alexander B"]
[Black "Clawitter, Craig"]
[Result "1-0"]
[WhiteElo "2263"]
[BlackElo "2050"]
[PlyCount "73"]
[EventDate "2025.03.25"]
[EventType "swiss (blitz)"]
[EventRounds "11"]
[EventCountry "USA"]
[SourceTitle "CB14_2025"]
[SourceDate "2024.11.01"]
[SourceVersion "1"]
[SourceVersionDate "2024.11.01"]
[SourceQuality "1"]

1. d4 e6 2. Nf3 Nf6 3. g3 d5 4. c4 Be7 5. Bg2 0-0 6. 0-0 dxc4 7. Ne5 Nc6 8. Bxc6 bxc6 9. Nxc6 Qe8 10. Nxe7+ Qxe7 11. Qc2 e5 12. dxe5 Qxe5 13. Qxc4 Be6 14. Qd3 Rad8 15. Qe3 Qh5 16. f3 Rfe8 17. Qf2 Bh3 18. Re1 Re6 19. Nc3 c5 20. Be3 Nd5 21. Rad1 Ree8 22. Bxc5 Nxc3 23. bxc3 Rd5 24. Bxa7 h6 25. Bd4 Rg5 26. Kh1 Qg6 27. Rg1 h5 28. a4 Ra5 29. Ra1 Qc6 30. Rge1 Rxa4 31. Rxa4 Qxa4 32. g4 hxg4 33. Qg3 Qd7 34. Rg1 Qd5 35. Qh4 Rxe2 36. Qg3 gxf3 37. Qxg7# 1-0

[Event "Titled Tuesday intern op 25th Mar Early"]
[Site "Chess.com INT"]
[Date "2025.03.25"]
[Round "1"]
[White "King, Alexander B"]
[Black "Oberoi, Shelev"]
[Result "0-1"]
[WhiteElo "2263"]
[BlackElo "2174"]
[PlyCount "68"]
[EventDate "2025.03.25"]
[EventType "swiss (blitz)"]
[EventRounds "11"]
[EventCountry "USA"]
[SourceTitle "CB14_2025"]
[SourceDate "2024.11.01"]
[SourceVersion "1"]
[SourceVersionDate "2024.11.01"]
[SourceQuality "1"]

1. c4 b6 2. e4 Bb7 3. Nc3 e5 4. Nf3 Nc6 5. d4 exd4 6. Nxd4 Bb4 7. Nxc6 Bxc3+ 8. bxc3 Bxc6 9. Bd3 Ne7 10. 0-0 0-0 11. e5 Ng6 12. Qh5 d6 13. Bg5 Qd7 14. Rad1 dxe5 15. Bxg6 hxg6 16. Rxd7 gxh5 17. Rxc7 Rfc8 18. Rxc8+ Rxc8 19. Be7 Be4 20. c5 f6 21. Re1 Bd5 22. cxb6 axb6 23. Bb4 Bxa2 24. Ra1 Rd8 25. h4 Rd2 26. f3 Kf7 27. c4 Rc2 28. c5 bxc5 29. Bxc5 Ke6 30. Bf2 g6 31. Rd1 Bd5 32. Be3 Rc4 33. Rd2 Rc3 34. Rb2 Rxe3 0-1

[Event "Titled Tuesday intern op 25th Mar Early"]
[Site "Chess.com INT"]
[Date "2025.03.25"]
[Round "5"]
[White "Paikens, Reinis"]
[Black "King, Alexander B"]
[Result "1-0"]
[WhiteElo "2202"]
[BlackElo "2263"]
[PlyCount "53"]
[EventDate "2025.03.25"]
[EventType "swiss (blitz)"]
[EventRounds "11"]
[EventCountry "USA"]
[SourceTitle "CB14_2025"]
[SourceDate "2024.11.01"]
[SourceVersion "1"]
[SourceVersionDate "2024.11.01"]
[SourceQuality "1"]

1. c4 e6 2. Nc3 c5 3. e4 Nc6 4. g3 g6 5. Bg2 Bg7 6. Nge2 Nge7 7. 0-0 0-0 8. Rb1 a6 9. a3 b5 10. cxb5 axb5 11. Nxb5 d5 12. exd5 exd5 13. d3 Ba6 14. Nbc3 Rb8 15. Bf4 Rb7 16. Re1 h6 17. Na4 c4 18. Nc5 Ra7 19. Nxa6 Rxa6 20. dxc4 dxc4 21. Qc2 Qd3 22. Rbc1 Rb6 23. Qxc4 Qxc4 24. Rxc4 g5 25. Be3 Rb7 26. Bxc6 Nxc6 27. Rxc6 1-0

[Event "Titled Tuesday intern op 24th Sep Early"]
[Site "Chess.com INT"]
[Date "2024.09.24"]
[Round "1"]
[White "Domin, Yan"]
[Black "King, Alexander B"]
[Result "0-1"]
[WhiteElo "2148"]
[BlackElo "2263"]
[PlyCount "34"]
[EventDate "2024.09.24"]
[EventType "swiss (blitz)"]
[EventRounds "11"]
[EventCountry "USA"]
[SourceTitle "EXT 2025"]
[Source "ChessBase"]
[SourceDate "2024.10.14"]
[SourceVersion "1"]
[SourceVersionDate "2024.10.14"]
[SourceQuality "1"]

1. d4 d5 2. Nf3 c5 3. e3 Nf6 4. b3 Nc6 5. Bb2 Bg4 6. Nbd2 e6 7. h3 Bh5 8. a3 cxd4 9. exd4 Bd6 10. Be2 Rc8 11. 0-0 0-0 12. Re1 Qb6 13. c4 dxc4 14. Nxc4 Qc7 15. b4 Rfd8 16. d5 Nxd5 17. Qd4 Nxd4 0-1

[Event "Titled Tuesday intern op 24th Sep Early"]
[Site "Chess.com INT"]
[Date "2024.09.24"]
[Round "9"]
[White "Khodko, Yurii N"]
[Black "King, Alexander B"]
[Result "1-0"]
[WhiteElo "2249"]
[BlackElo "2263"]
[PlyCount "95"]
[EventDate "2024.09.24"]
[EventType "swiss (blitz)"]
[EventRounds "11"]
[EventCountry "USA"]
[SourceTitle "EXT 2025"]
[Source "ChessBase"]
[SourceDate "2024.10.14"]
[SourceVersion "1"]
[SourceVersionDate "2024.10.14"]
[SourceQuality "1"]

1. e4 e5 2. Nf3 Nc6 3. d4 exd4 4. c3 d5 5. exd5 Qxd5 6. Be2 d3 7. Qxd3 Qxd3 8. Bxd3 Bd6 9. 0-0 Nge7 10. Nbd2 Bf5 11. Ne4 0-0-0 12. Nxd6+ Rxd6 13. Bc4 Bd3 14. Bxd3 Rxd3 15. Be3 f6 16. Rfd1 Rhd8 17. Rxd3 Rxd3 18. Kf1 Rd7 19. Ke2 h5 20. h4 Nf5 21. Rg1 Re7 22. g4 hxg4 23. Rxg4 Ne5 24. Nxe5 Rxe5 25. Kf3 Kd7 26. Rc4 b6 27. Bf4 Nxh4+ 28. Kg4 Ng6 29. Rd4+ Ke6 30. Bxe5 Nxe5+ 31. Kg3 g5 32. Rd8 a5 33. b3 f5 34. f4 gxf4+ 35. Kxf4 Ng6+ 36. Kg5 Ne7 37. c4 Nc6 38. Re8+ Kd6 39. Kxf5 Nb4 40. Re2 Kc5 41. Ke6 c6 42. Kd7 b5 43. Re5+ Kd4 44. cxb5 cxb5 45. Rxb5 Nxa2 46. Rxa5 Nc1 47. b4 Kc4 48. Rc5+ 1-0

[Event "Titled Tuesday intern op 24th Sep Early"]
[Site "Chess.com INT"]
[Date "2024.09.24"]
[Round "3"]
[White "King, Alexander B"]
[Black "Kravtsiv, Martyn"]
[Result "0-1"]
[WhiteElo "2263"]
[BlackElo "2598"]
[PlyCount "122"]
[EventDate "2024.09.24"]
[EventType "swiss (blitz)"]
[EventRounds "11"]
[EventCountry "USA"]
[SourceTitle "EXT 2025"]
[Source "ChessBase"]
[SourceDate "2024.10.14"]
[SourceVersion "1"]
[SourceVersionDate "2024.10.14"]
[SourceQuality "1"]

1. d4 d5 2. Nf3 Nf6 3. c4 e6 4. g3 Be7 5. Bg2 0-0 6. 0-0 c6 7. Qc2 Nbd7 8. Nbd2 b6 9. e4 Bb7 10. e5 Ne8 11. cxd5 cxd5 12. Re1 Rc8 13. Qd1 Nc7 14. Nf1 a5 15. h4 Ba6 16. Ne3 Bb4 17. Bd2 Qe7 18. h5 h6 19. Ng4 Bxd2 20. Qxd2 Rfd8 21. Bf1 Bxf1 22. Kxf1 Ne8 23. Rac1 Nb8 24. Rxc8 Rxc8 25. Rc1 Rxc1+ 26. Qxc1 Qc7 27. Qxc7 Nxc7 28. a4 b5 29. axb5 Nxb5 30. Ke2 Nc6 31. Kd3 a4 32. Ne3 Kf8 33. Nd1 f6 34. exf6 gxf6 35. Ne3 Nd6 36. Nd1 Ne4 37. Ke3 e5 38. dxe5 fxe5 39. Nh4 Nd6 40. f3 Nc4+ 41. Kd3 Nxb2+ 42. Kc2 Nxd1 43. Kxd1 Kf7 44. Nf5 Nd4 45. Nxh6+ Kg7 46. Ng4 Nxf3 47. h6+ Kg6 48. h7 Kxh7 49. Nf6+ Kg6 50. Nxd5 Kf5 51. Ne3+ Ke4 52. Nc4 Kd4 53. Nxe5 Nxe5 54. Kc2 Kc4 55. Kb2 Kb4 56. Ka2 Ng4 57. Kb2 a3+ 58. Ka2 Ka4 59. Ka1 Kb3 60. Kb1 Ne3 61. Ka1 Nc2+ 0-1

[Event "Titled Tuesday intern op 24th Sep Early"]
[Site "Chess.com INT"]
[Date "2024.09.24"]
[Round "5"]
[White "Plyasunov, Daniil"]
[Black "King, Alexander B"]
[Result "1/2-1/2"]
[WhiteElo "2291"]
[BlackElo "2263"]
[PlyCount "149"]
[EventDate "2024.09.24"]
[EventType "swiss (blitz)"]
[EventRounds "11"]
[EventCountry "USA"]
[SourceTitle "EXT 2025"]
[Source "ChessBase"]
[SourceDate "2024.10.14"]
[SourceVersion "1"]
[SourceVersionDate "2024.10.14"]
[SourceQuality "1"]

1. e4 e6 2. d4 d5 3. Nd2 c5 4. Ngf3 Nc6 5. exd5 exd5 6. Bb5 Qe7+ 7. Be2 Qc7 8. 0-0 Nf6 9. Re1 Be6 10. dxc5 Bxc5 11. Nb3 Bb6 12. c3 0-0 13. Bd3 h6 14. Be3 Rfe8 15. Bxb6 Qxb6 16. h3 Rad8 17. Qc2 a6 18. Rad1 Bc8 19. Nbd4 Nxd4 20. Nxd4 Bd7 21. Qd2 Qd6 22. Bf5 Rxe1+ 23. Rxe1 Re8 24. Bxd7 Rxe1+ 25. Qxe1 Qxd7 26. Qe5 Qe8 27. Qxe8+ Nxe8 28. Nf5 Kf8 29. Kf1 h5 30. Ke2 g6 31. Ne3 Nc7 32. f4 Ke7 33. f5 Kd6 34. fxg6 fxg6 35. g4 Ke5 36. Kf3 Ne6 37. gxh5 gxh5 38. h4 Nf4 39. Nf1 Ng6 40. Ng3 Nxh4+ 41. Ke2 Ng6 42. Nxh5 Nf4+ 43. Nxf4 Kxf4 44. Kd3 Ke5 45. Ke3 b6 46. a4 Ke6 47. Kd4 Kd6 48. b3 Ke6 49. Kd3 Ke5 50. Ke3 Ke6 51. Kd4 Kd6 52. Kd3 Ke5 53. Ke3 Ke6 54. Kd4 Kd6 55. b4 Kc6 56. Ke5 a5 57. bxa5 bxa5 58. Kd4 Kd6 59. c4 dxc4 60. Kxc4 Kc6 61. Kd4 Kb6 62. Kd5 Ka6 63. Kc5 Ka7 64. Kb5 Ka8 65. Kb6 Kb8 66. Ka6 Ka8 67. Kxa5 Kb8 68. Kb6 Ka8 69. a5 Kb8 70. a6 Ka8 71. Kb5 Kb8 72. Ka5 Ka8 73. Kb6 Kb8 74. a7+ Ka8 75. Ka6 1/2-1/2

[Event "Titled Tuesday intern op 17th Sep Early"]
[Site "Chess,com INT"]
[Date "2024.09.17"]
[Round "3"]
[White "Chan, Luis"]
[Black "King, Alexander B"]
[Result "0-1"]
[WhiteElo "2192"]
[BlackElo "2263"]
[PlyCount "52"]
[EventDate "2024.09.17"]
[EventType "swiss (blitz)"]
[EventRounds "11"]
[EventCountry "USA"]
[SourceTitle "EXT 2025"]
[Source "ChessBase"]
[SourceDate "2024.10.14"]
[SourceVersion "1"]
[SourceVersionDate "2024.10.14"]
[SourceQuality "1"]

1. b3 d5 2. Bb2 c5 3. e3 Nc6 4. Bb5 Bd7 5. Nf3 e6 6. 0-0 Nf6 7. d3 Be7 8. Nbd2 0-0 9. Bxc6 Bxc6 10. Ne5 Be8 11. f4 Nd7 12. Ndf3 f6 13. Ng4 Bd6 14. Qe1 Qe7 15. Qg3 Kh8 16. e4 d4 17. Rae1 Bc7 18. c3 dxc3 19. Bxc3 Nb8 20. Ne3 Nc6 21. Qh4 Qf7 22. f5 e5 23. Rd1 Ba5 24. Bb2 Nd4 25. Nd5 Qh5 26. Qg3 Ne2+ 0-1

[Event "Titled Tuesday intern op 17th Sep Early"]
[Site "Chess,com INT"]
[Date "2024.09.17"]
[Round "5"]
[White "Gubajdullin, Alexey"]
[Black "King, Alexander B"]
[Result "1-0"]
[WhiteElo "2238"]
[BlackElo "2263"]
[PlyCount "81"]
[EventDate "2024.09.17"]
[EventType "swiss (blitz)"]
[EventRounds "11"]
[EventCountry "USA"]
[SourceTitle "EXT 2025"]
[Source "ChessBase"]
[SourceDate "2024.10.14"]
[SourceVersion "1"]
[SourceVersionDate "2024.10.14"]
[SourceQuality "1"]

1. Nf3 d5 2. g3 Nf6 3. Bg2 c5 4. 0-0 Nc6 5. d3 e5 6. Nbd2 Be7 7. e4 d4 8. Nc4 Qc7 9. a4 Bg4 10. h3 Be6 11. Ng5 Bxc4 12. dxc4 h6 13. Nf3 0-0-0 14. Ne1 Ne8 15. Nd3 Nb4 16. f4 Nxd3 17. cxd3 Bd6 18. a5 g5 19. fxg5 hxg5 20. Bxg5 f6 21. Bd2 Kb8 22. a6 b6 23. h4 Qg7 24. Be1 Nc7 25. Kh2 Rdg8 26. Bh3 f5 27. Qf3 f4 28. gxf4 Ne8 29. Bf2 Nf6 30. Rg1 Qh7 31. f5 Rg7 32. Rg5 Ne8 33. Rag1 Rxg5 34. hxg5 Be7 35. f6 Bd6 36. f7 Nc7 37. g6 Qg7 38. Rg4 Nxa6 39. Bh4 Rf8 40. Bf6 Qh6 41. g7 1-0

[Event "Titled Tuesday intern op 17th Sep Early"]
[Site "Chess,com INT"]
[Date "2024.09.17"]
[Round "2"]
[White "Khoa, Goodwill"]
[Black "King, Alexander B"]
[Result "0-1"]
[WhiteElo "1890"]
[BlackElo "2263"]
[PlyCount "48"]
[EventDate "2024.09.17"]
[EventType "swiss (blitz)"]
[EventRounds "11"]
[EventCountry "USA"]
[SourceTitle "EXT 2025"]
[Source "ChessBase"]
[SourceDate "2024.10.14"]
[SourceVersion "1"]
[SourceVersionDate "2024.10.14"]
[SourceQuality "1"]

1. f4 d5 2. Nf3 g6 3. e3 Bg7 4. Be2 Nf6 5. 0-0 0-0 6. b3 c5 7. Bb2 d4 8. exd4 Nd5 9. Bc4 Nc6 10. Ne5 Nxd4 11. Nc3 e6 12. Nxd5 exd5 13. Bd3 Nc6 14. Rb1 Re8 15. Nxc6 bxc6 16. Bxg7 Kxg7 17. f5 Qf6 18. fxg6 Qd4+ 19. Kh1 hxg6 20. Qf3 Be6 21. Rbe1 Rh8 22. Rxe6 Rxh2+ 23. Kxh2 Rh8+ 24. Kg3 Qh4# 0-1

[Event "Titled Tuesday intern op 17th Sep Early"]
[Site "Chess,com INT"]
[Date "2024.09.17"]
[Round "8"]
[White "King, Alexander B"]
[Black "Grutter, Tim"]
[Result "1-0"]
[WhiteElo "2263"]
[BlackElo "2350"]
[PlyCount "103"]
[EventDate "2024.09.17"]
[EventType "swiss (blitz)"]
[EventRounds "11"]
[EventCountry "USA"]
[SourceTitle "EXT 2025"]
[Source "ChessBase"]
[SourceDate "2024.10.14"]
[SourceVersion "1"]
[SourceVersionDate "2024.10.14"]
[SourceQuality "1"]

1. Nf3 g6 2. g3 Nf6 3. Bg2 Bg7 4. 0-0 0-0 5. d4 d6 6. c4 Nbd7 7. Nc3 e5 8. e4 Re8 9. h3 exd4 10. Nxd4 Nc5 11. Re1 Ne6 12. Nde2 Nc5 13. Qc2 Be6 14. b3 Qd7 15. Kh2 a5 16. Be3 Qe7 17. Rad1 Nfd7 18. Nb5 Rac8 19. Qd2 a4 20. b4 Na6 21. Rc1 Ne5 22. Na3 c5 23. b5 Nb4 24. Nf4 h6 25. Nb1 g5 26. Nxe6 Qxe6 27. Red1 Nxc4 28. Qe2 Nxe3 29. Qxe3 Bd4 30. Qe2 Nxa2 31. Rc4 Qf6 32. Qxa2 Bxf2 33. Rf1 Bxg3+ 34. Kxg3 Qe5+ 35. Kf2 Rf8 36. Kg1 f5 37. Rxc5+ d5 38. Rxd5 Qe6 39. Rd2 Rc4 40. exf5 Qb6+ 41. Kh1 Rfc8 42. Bd5+ Kf8 43. Bxc4 Qe3 44. Rg2 Qxh3+ 45. Kg1 Qe3+ 46. Rff2 Qe1+ 47. Bf1 Rc1 48. Qxa4 Rxb1 49. f6 Qe6 50. f7 Rd1 51. Qa8+ Rd8 52. Qxd8+ 1-0

[Event "Titled Tuesday intern op 17th Sep Early"]
[Site "Chess,com INT"]
[Date "2024.09.17"]
[Round "10"]
[White "Lai, Duc Minh1"]
[Black "King, Alexander B"]
[Result "1-0"]
[WhiteElo "2058"]
[BlackElo "2263"]
[PlyCount "63"]
[EventDate "2024.09.17"]
[EventType "swiss (blitz)"]
[EventRounds "11"]
[EventCountry "USA"]
[SourceTitle "EXT 2025"]
[Source "ChessBase"]
[SourceDate "2024.10.14"]
[SourceVersion "1"]
[SourceVersionDate "2024.10.14"]
[SourceQuality "1"]

1. d4 d5 2. Nc3 Nf6 3. Bf4 c5 4. e3 cxd4 5. exd4 a6 6. Nf3 Nc6 7. Ne5 Bd7 8. f3 e6 9. a3 Rc8 10. Qd2 Be7 11. Be2 b5 12. g4 h6 13. h4 Qb6 14. Be3 Na5 15. b4 Nc4 16. Nxc4 dxc4 17. d5 Qd6 18. Bf4 Qb6 19. d6 Bd8 20. Be5 Bc6 21. 0-0-0 Kd7 22. g5 hxg5 23. hxg5 Rxh1 24. Rxh1 Ne8 25. Rh7 Qg1+ 26. Kb2 Bxg5 27. f4 Bh6 28. Bh5 Qg2 29. Qd4 Qh3 30. Qa7+ Nc7 31. Bxf7 Qf5 32. Bg8 1-0

[Event "Titled Tuesday intern op 10th Sep Early"]
[Site "Chess,com INT"]
[Date "2024.09.10"]
[Round "8"]
[White "King, Alexander B"]
[Black "Fabris, Alberto"]
[Result "1-0"]
[WhiteElo "2263"]
[BlackElo "2230"]
[PlyCount "97"]
[EventDate "2024.09.10"]
[EventType "swiss (blitz)"]
[EventRounds "11"]
[EventCountry "USA"]
[SourceTitle "EXT 2025"]
[Source "ChessBase"]
[SourceDate "2024.10.14"]
[SourceVersion "1"]
[SourceVersionDate "2024.10.14"]
[SourceQuality "1"]

1. e4 c5 2. c3 d5 3. exd5 Qxd5 4. Nf3 Nc6 5. d4 Bg4 6. dxc5 Qxc5 7. Be3 Qa5 8. Nbd2 Nf6 9. h3 Bh5 10. Qb3 Qc7 11. a4 e6 12. Be2 Be7 13. 0-0 0-0 14. Rfe1 Nd5 15. Bg5 Bxg5 16. Nxg5 Bxe2 17. Rxe2 Nf4 18. Re3 Ne7 19. Rae1 Ned5 20. Rf3 h6 21. Nge4 Ng6 22. Nf1 Rad8 23. Rg3 Qb6 24. c4 Qxb3 25. Rxb3 Nb6 26. c5 Nxa4 27. Rxb7 Rb8 28. Rxb8 Rxb8 29. Ra1 Nxb2 30. Rxa7 Ne5 31. Ne3 Nbd3 32. Ng4 Nxg4 33. hxg4 Rc8 34. Nd6 Rxc5 35. Nxf7 Rc1+ 36. Kh2 Nxf2 37. Ne5 Re1 38. Ra8+ Kh7 39. Nf3 Nxg4+ 40. Kg3 Nf6 41. Nxe1 Kg6 42. Kh2 Kg5 43. Ra1 Ne4 44. Ra5+ Kg4 45. Nf3 g5 46. Ra4 Kf4 47. Nd2 Ke3 48. Rxe4+ Kxd2 49. Rxe6 1-0

[Event "Titled Tuesday intern op 10th Sep Early"]
[Site "Chess,com INT"]
[Date "2024.09.10"]
[Round "2"]
[White "King, Alexander B"]
[Black "Vingris, Mikelis"]
[Result "1-0"]
[WhiteElo "2263"]
[BlackElo "2170"]
[PlyCount "79"]
[EventDate "2024.09.10"]
[EventType "swiss (blitz)"]
[EventRounds "11"]
[EventCountry "USA"]
[SourceTitle "EXT 2025"]
[Source "ChessBase"]
[SourceDate "2024.10.14"]
[SourceVersion "1"]
[SourceVersionDate "2024.10.14"]
[SourceQuality "1"]

1. c4 c5 2. Nf3 d6 3. e3 g6 4. d4 cxd4 5. exd4 Bg7 6. Nc3 Nf6 7. h3 0-0 8. Bd3 Nc6 9. d5 Nb4 10. Be2 a5 11. a3 Na6 12. 0-0 Nc5 13. Be3 Bd7 14. Nd4 a4 15. Re1 Qb6 16. Qc2 Rfe8 17. Bf1 Qa5 18. Rad1 Rf8 19. Bd2 Rfe8 20. Ncb5 Qb6 21. Be3 h5 22. Bg5 Bxb5 23. Nxb5 Nb3 24. Be3 Qa5 25. Bd3 Nd7 26. Bxg6 fxg6 27. Qxg6 Ne5 28. Qxh5 Rf8 29. Bg5 Rf5 30. Qh4 Bf6 31. Bxf6 Rxf6 32. Re3 Rg6 33. f4 Nf7 34. Rxe7 Qb6+ 35. Kh2 Rf8 36. Rd3 Qd8 37. Rg3 Rxg3 38. Qxg3+ Kh7 39. Re6 Nh6 40. Qd3+ 1-0

[Event "Titled Tuesday intern op 10th Sep Early"]
[Site "Chess,com INT"]
[Date "2024.09.10"]
[Round "10"]
[White "Thogata, Randheer"]
[Black "King, Alexander B"]
[Result "1-0"]
[WhiteElo "2040"]
[BlackElo "2263"]
[PlyCount "111"]
[EventDate "2024.09.10"]
[EventType "swiss (blitz)"]
[EventRounds "11"]
[EventCountry "USA"]
[SourceTitle "EXT 2025"]
[Source "ChessBase"]
[SourceDate "2024.10.14"]
[SourceVersion "1"]
[SourceVersionDate "2024.10.14"]
[SourceQuality "1"]

1. e4 c5 2. Nf3 e6 3. d4 cxd4 4. Nxd4 a6 5. c4 Nf6 6. Nc3 Nc6 7. a3 Bc5 8. Be3 Nxd4 9. Bxd4 Bxd4 10. Qxd4 d6 11. 0-0-0 0-0 12. Qxd6 Qa5 13. Qb4 Qg5+ 14. Kb1 b5 15. cxb5 axb5 16. g3 Bb7 17. Bg2 Rfb8 18. f4 Qg6 19. Rhe1 e5 20. fxe5 Ng4 21. Nd5 Bxd5 22. Rxd5 Nxh2 23. Re3 Ng4 24. Rb3 h5 25. Rxb5 Re8 26. Qd6 Nxe5 27. Qxg6 fxg6 28. Rc3 Ra7 29. Rcc5 Nd3 30. Rd5 Ne1 31. Bh1 Rf7 32. e5 Rf1 33. Be4 Nf3+ 34. Ka2 Ng5 35. Bxg6 Ref8 36. Bd3 Re1 37. Bc4 Kh7 38. e6 Nxe6 39. Rxh5+ Kg6 40. Bxe6 Rxe6 41. Rbg5+ Kf7 42. Rf5+ Rf6 43. Rxf6+ Kxf6 44. b4 g5 45. Kb3 Kf5 46. b5 Kg4 47. Rh7 Kxg3 48. Kb4 g4 49. a4 Kf3 50. b6 g3 51. Rg7 g2 52. Kb5 Rf4 53. b7 Rg4 54. Rxg4 Kxg4 55. b8Q g1Q 56. Qg8+ 1-0

[Event "Titled Tuesday intern op 27th Aug Early"]
[Site "Chess.com INT"]
[Date "2024.08.27"]
[Round "4"]
[White "Khumalo, Keith"]
[Black "King, Alexander B"]
[Result "1-0"]
[WhiteElo "2136"]
[BlackElo "2263"]
[PlyCount "49"]
[EventDate "2024.08.27"]
[EventType "swiss (blitz)"]
[EventRounds "11"]
[EventCountry "USA"]
[SourceTitle "EXT 2025"]
[Source "ChessBase"]
[SourceDate "2024.10.14"]
[SourceVersion "1"]
[SourceVersionDate "2024.10.14"]
[SourceQuality "1"]

1. d4 Nf6 2. c4 g6 3. Nc3 d5 4. e3 Bg7 5. Qb3 c6 6. Nf3 0-0 7. Bd3 dxc4 8. Bxc4 b5 9. Be2 a5 10. a3 Nbd7 11. 0-0 Nb6 12. e4 Be6 13. Qd1 b4 14. e5 bxc3 15. exf6 cxb2 16. Bxb2 Bxf6 17. Rc1 Bd5 18. Ne5 Rc8 19. Qd2 Na4 20. Ba1 c5 21. Bb5 cxd4 22. Nd7 Nb6 23. Rxc8 Qxc8 24. Nxf6+ exf6 25. Qxd4 1-0

[Event "Titled Tuesday intern op 27th Aug Early"]
[Site "Chess.com INT"]
[Date "2024.08.27"]
[Round "8"]
[White "King, Alexander B"]
[Black "Gomez Aguirre, Juan Alberto"]
[Result "1-0"]
[WhiteElo "2263"]
[BlackElo "2340"]
[PlyCount "59"]
[EventDate "2024.08.27"]
[EventType "swiss (blitz)"]
[EventRounds "11"]
[EventCountry "USA"]
[SourceTitle "EXT 2025"]
[Source "ChessBase"]
[SourceDate "2024.10.14"]
[SourceVersion "1"]
[SourceVersionDate "2024.10.14"]
[SourceQuality "1"]

1. d4 b6 2. e4 Bb7 3. Bd3 f5 4. exf5 Bxg2 5. Qh5+ g6 6. fxg6 Bg7 7. gxh7+ Kf8 8. Ne2 Bxh1 9. Nf4 Nf6 10. Qh4 e6 11. Ng6+ Kf7 12. Ne5+ Kf8 13. Bh6 Nc6 14. Bxg7+ Kxg7 15. Qg5+ Kf8 16. Qh6+ Ke7 17. Qg7+ Kd6 18. Nf7+ Kd5 19. Nxd8 Raxd8 20. Qxf6 Nxd4 21. Nc3+ Kc5 22. b4+ Kc6 23. Qxd4 Kb7 24. Be4+ c6 25. Bxh1 Rxh7 26. 0-0-0 Rxh2 27. Bxc6+ Kxc6 28. Qe4+ Kc7 29. Qe5+ Kb7 30. Qxh2 1-0

[Event "Titled Tuesday intern op 27th Aug Early"]
[Site "Chess.com INT"]
[Date "2024.08.27"]
[Round "1"]
[White "King, Alexander B"]
[Black "Moldagali, Beksultan"]
[Result "1-0"]
[WhiteElo "2263"]
[BlackElo "2331"]
[PlyCount "129"]
[EventDate "2024.08.27"]
[EventType "swiss (blitz)"]
[EventRounds "11"]
[EventCountry "USA"]
[SourceTitle "EXT 2025"]
[Source "ChessBase"]
[SourceDate "2024.10.14"]
[SourceVersion "1"]
[SourceVersionDate "2024.10.14"]
[SourceQuality "1"]

1. d4 d5 2. Bf4 Nf6 3. e3 e6 4. Nf3 Bd6 5. Bg3 c5 6. c3 Qc7 7. Nbd2 Nbd7 8. Bb5 a6 9. Bxd7+ Bxd7 10. 0-0 0-0 11. Re1 b5 12. b4 c4 13. Ne5 a5 14. a3 Ra7 15. Qc2 Rfa8 16. Qb2 Be8 17. h3 Ra6 18. Reb1 Qa7 19. bxa5 Rxa5 20. Nc6 Bxc6 21. Bxd6 Qd7 22. Bb4 R5a7 23. Re1 Kh8 24. Qc2 Rg8 25. f3 Qb7 26. Re2 Nh5 27. g4 Nf6 28. Rf1 Qc7 29. Rg2 Nd7 30. Qd1 e5 31. f4 exd4 32. exd4 Nf6 33. g5 Ne4 34. Nf3 Bd7 35. Qe1 Raa8 36. Qh4 Bf5 37. Ne5 f6 38. g6 h6 39. Nf7+ Qxf7 40. gxf7 Rgf8 41. Bxf8 Rxf8 42. Qh5 Be6 43. f5 Bxf7 44. Qh4 Ra8 45. Qg4 Rg8 46. Qf4 Ra8 47. Qc7 Rf8 48. Qe7 Kg8 49. Rf3 Ra8 50. Re3 Re8 51. Qc7 Ra8 52. Rge2 Rxa3 53. Rxe4 dxe4 54. Rxe4 Ra1+ 55. Kf2 Ra2+ 56. Ke3 Rc2 57. Qb8+ Kh7 58. Qxb5 Rxc3+ 59. Kf2 Rxh3 60. Qd7 Bh5 61. Re7 Rf3+ 62. Kg2 Rf4 63. Rxg7+ Kh8 64. Rh7+ Kg8 65. Qg7# 1-0

[Event "Titled Tuesday intern op 20th Aug Early"]
[Site "Chess.com INT"]
[Date "2024.08.20"]
[Round "8"]
[White "King, Alexander B"]
[Black "Fernandez Hernandez, Gerardo"]
[Result "1-0"]
[WhiteElo "2263"]
[BlackElo "2126"]
[PlyCount "61"]
[EventDate "2024.08.20"]
[EventType "swiss (blitz)"]
[EventRounds "11"]
[EventCountry "USA"]
[SourceTitle "EXT 2025"]
[Source "ChessBase"]
[SourceDate "2024.10.14"]
[SourceVersion "1"]
[SourceVersionDate "2024.10.14"]
[SourceQuality "1"]

1. e4 e6 2. d4 d5 3. Nd2 Nc6 4. Ngf3 Nf6 5. e5 Nd7 6. Nb3 f6 7. Bb5 Be7 8. 0-0 0-0 9. exf6 Bxf6 10. Re1 Qe7 11. Bf4 Nb6 12. Bxc6 bxc6 13. Nc5 Nc4 14. b3 Nd6 15. Ne5 Bxe5 16. Bxe5 Bd7 17. f3 Be8 18. Bxd6 Qxd6 19. Rxe6 Qf4 20. c3 Rd8 21. Qe2 h6 22. Re1 Bd7 23. Nxd7 Rxd7 24. Rxc6 Rdf7 25. Qe3 Qf5 26. Qe6 Qf4 27. Qe3 Qf5 28. Re6 Kh8 29. Qe5 Qc2 30. Rxh6+ Kg8 31. Re6 1-0

[Event "Titled Tuesday intern op 20th Aug Early"]
[Site "Chess.com INT"]
[Date "2024.08.20"]
[Round "5"]
[White "King, Alexander B"]
[Black "Papayan, Oleg"]
[Result "0-1"]
[WhiteElo "2263"]
[BlackElo "2183"]
[PlyCount "152"]
[EventDate "2024.08.20"]
[EventType "swiss (blitz)"]
[EventRounds "11"]
[EventCountry "USA"]
[SourceTitle "EXT 2025"]
[Source "ChessBase"]
[SourceDate "2024.10.14"]
[SourceVersion "1"]
[SourceVersionDate "2024.10.14"]
[SourceQuality "1"]

1. d4 d5 2. Bf4 c5 3. c3 Nc6 4. Nf3 cxd4 5. cxd4 Bf5 6. Nc3 e6 7. e3 Bd6 8. Bg3 Nge7 9. Rc1 0-0 10. Bd3 h6 11. Bxd6 Qxd6 12. h3 a6 13. 0-0 b5 14. a3 Na5 15. e4 dxe4 16. Nxe4 Bxe4 17. Bxe4 Rac8 18. Qe2 Nd5 19. g3 Rc4 20. Bd3 Rc7 21. Qe4 Nf6 22. Qe5 Qxe5 23. dxe5 Nd5 24. Rxc7 Nxc7 25. Rc1 Nd5 26. Be4 Nc4 27. a4 Nxb2 28. axb5 axb5 29. Bxd5 exd5 30. Rb1 Nc4 31. Rxb5 Rd8 32. Rc5 Kf8 33. Rc7 Ke8 34. Kf1 Rd7 35. Rc8+ Ke7 36. Rc6 Na5 37. Rc5 Nb3 38. Rc3 Na5 39. Nd4 Nc4 40. f4 g6 41. Ke2 Rb7 42. Rc2 Kd7 43. Nf3 Rb4 44. Nd2 Nxd2 45. Kxd2 Rb3 46. Rc3 Rb2+ 47. Ke3 Rh2 48. h4 Rg2 49. Kf3 Rd2 50. Ra3 Ke6 51. Ra6+ Ke7 52. Rd6 Rd3+ 53. Kf2 d4 54. g4 h5 55. gxh5 gxh5 56. Rh6 Rh3 57. Rxh5 Ke6 58. Rh6+ Kd5 59. Rd6+ Ke4 60. Kg2 Rxh4 61. Rf6 Rxf4 62. Rd6 Kxe5 63. Rd7 f5 64. Kg3 Re4 65. Kf3 Re3+ 66. Kf2 Ke4 67. Re7+ Kd3 68. Rf7 Re5 69. Ra7 Kc2 70. Ra2+ Kb3 71. Ra8 d3 72. Rb8+ Kc2 73. Rc8+ Kd1 74. Ra8 d2 75. Rc8 Rd5 76. Ra8 Rc5 0-1